Пути развития Кировского угольного разреза; Экономика России в XXI веке

Bibliographische Detailangaben
Parent link:Экономика России в XXI веке.— 2013.— [С. 218-222]
1. Verfasser: Тихонова Сах. А.
Körperschaft: Национальный исследовательский Томский политехнический университет (ТПУ) Институт социально-гуманитарных технологий (ИСГТ) Кафедра истории и регионоведения (ИСТ)
Weitere Verfasser: Тихонова Св. А. (научный руководитель), Акельев Е. С. Евгений Сергеевич
Zusammenfassung:Заглавие с титульного экрана
ОАО "Кировский угольный разрез" является одним из наиболее востребованных предприятий по добыче и разработке бурого угля в Республике Саха (Якутия). В данной статье были рассмотрены виды затрат предприятия, а также спрогнозированы мероприятия по снижению себестоимости и повышению рентабельности угольной промышленности.
Sprache:Russisch
Veröffentlicht: 2013
Schriftenreihe:Государственное управление модернизационными процессами в экономике
Schlagworte:
Online-Zugang:http://www.lib.tpu.ru/fulltext/c/2013/C40/075.pdf
Format: MixedMaterials Elektronisch Buchkapitel
KOHA link:https://koha.lib.tpu.ru/cgi-bin/koha/opac-detail.pl?biblionumber=606281

MARC

LEADER 00000naa2a2200000 4500
001 606281
005 20231101132408.0
035 |a (RuTPU)RU\TPU\conf\3660 
035 |a RU\TPU\conf\3644 
090 |a 606281 
100 |a 20140526d2013 k y0rusy50 ca 
101 0 |a rus 
102 |a RU 
105 |a y z 101zy 
135 |a drgn ---uucaa 
181 0 |a i  
182 0 |a b 
200 1 |a Пути развития Кировского угольного разреза  |f Сах. А. Тихонова, Св. А. Тихонова  |g науч. рук. Е. С. Акельев 
203 |a Текст  |c электронный 
225 1 |a Государственное управление модернизационными процессами в экономике 
230 |a 1 компьютерный файл (pdf; 388 Кб) 
300 |a Заглавие с титульного экрана 
320 |a [Библиогр.: с. 222 (3 назв.)] 
330 |a ОАО "Кировский угольный разрез" является одним из наиболее востребованных предприятий по добыче и разработке бурого угля в Республике Саха (Якутия). В данной статье были рассмотрены виды затрат предприятия, а также спрогнозированы мероприятия по снижению себестоимости и повышению рентабельности угольной промышленности. 
337 |a Adobe Reader 
463 0 |0 (RuTPU)RU\TPU\conf\3320  |t Экономика России в XXI веке  |o сборник научных трудов Х Всероссийской научно-практической конференции "Фундаментальные проблемы модернизации экономики России", г. Томск, 19-23 ноября 2013 г.  |f Национальный исследовательский Томский политехнический университет (ТПУ) ; под ред. Г. А. Барышевой и др.  |v [С. 218-222]  |d 2013 
601 0 2 |a Кировский угольный разрез 
610 1 |a труды учёных ТПУ 
610 1 |a электронный ресурс 
610 1 |a развитие 
610 1 |a бурый уголь 
610 1 |a Республика Саха-Якутия 
610 1 |a себестоимость 
610 1 |a рентабельность 
610 1 |a угольная промышленность 
700 1 |a Тихонова  |b Сах. А. 
701 1 |a Тихонова  |b Св. А. 
702 1 |a Акельев  |b Е. С.  |c экономист  |c ассистент Томского политехнического университета, кандидат экономических наук  |f 1982-  |g Евгений Сергеевич  |2 stltpush  |4 727 
712 0 2 |a Национальный исследовательский Томский политехнический университет (ТПУ)  |b Институт социально-гуманитарных технологий (ИСГТ)  |b Кафедра истории и регионоведения (ИСТ)  |h 38  |2 stltpush  |3 (RuTPU)RU\TPU\col\18372 
801 2 |a RU  |b 63413507  |c 20140526  |g RCR 
856 4 |u http://www.lib.tpu.ru/fulltext/c/2013/C40/075.pdf 
942 |c BK